LEADER 01086nam2 22002891i 450 001 RML0282653 005 20231121125731.0 100 $a20121121d1967 ||||0itac50 ba 101 | $aita 102 $ait 181 1$6z01$ai $bxxxe 182 1$6z01$an 200 1 $aTomo 2: illustrazioni$fRoberto Longhi 210 $aFirenze $cSansoni $d1967 215 $a14 p., 32 c. di tav., 308 p. di tav.$cill.$d27 cm 462 1$1001RML0282650$12001 $a˜Vol. 2.: œSaggi e ricerche$e1925-1928$fRoberto Longhi$1700 1$aLonghi$b, Roberto$3RMLV169205 606 $aArte$2FIR$3RMLC000462$9I 676 $a709.5$9$v21 700 1$aLonghi$b, Roberto$3RMLV169205$036305 801 3$aIT$bIT-01$c20121121 850 $aIT-FR0017 899 $aBiblioteca umanistica Giorgio Aprea$bFR0017 912 $aRML0282653 950 2$aBiblioteca umanistica Giorgio Aprea$d 52CIS 3/527.2.2$e 52VM 0000523425 VM barcode:00022150. - Inventario:9111 BUVM$fA $h20050131$i20121204 977 $a 52 996 $aTomo 2: illustrazioni$93626919 997 $aUNICAS